|
|
|
|
| LEADER |
00000 a2200000 4500 |
| 001 |
RU/ROS-EDU.RU/123324 |
| 856 |
4 |
|
|u https://www.ros-edu.ru/book?id=123324
|z Перейти к просмотру издания
|
| 010 |
|
|
|a 978-5-00110-298-4
|
| 100 |
|
|
|a 20220101d2022 |||y0rusy0250
|
| 105 |
|
|
|a y z 000zy
|
| 101 |
0 |
|
|a rus
|
| 102 |
|
|
|a RU
|
| 200 |
1 |
|
|a Медиалингвистика. Вып. 9. Язык в координатах массмедиа
|b Электронный ресурс
|e материалы VI Международной научной конференции (Санкт-Петербург, 30 июня — 2 июля 2022 г.)
|f ред.: А. А. Малышева, Л. Р. Дускаевой
|
| 702 |
|
1 |
|b А. А.
|a Малышева
|4 340
|
| 702 |
|
1 |
|b Л. Р.
|a Дускаевой
|4 340
|
| 330 |
|
|
|a В сборнике представлены одобренные руководителями секций и круглых столов материалы докладов участников VI Международной конференции «Язык в координатах массмедиа», организованной в Институте «Высшая школа журналистики и массовых коммуникаций» Санкт-Петербургского государственного университета при финансовой поддержке фонда «Русский мир». Авторы сборника — представители научных и образовательных организаций разных городов России, Болгарии, Вьетнама, Греции, Казахстана, Китая, Ливана, Республики Беларусь, Сербии. Фактические сведения приводятся в авторской редакции.
|
| 210 |
|
|
|a Санкт-Петербург
|c Медиапапир
|d 2022
|
| 610 |
1 |
|
|a медиа
|
| 610 |
1 |
|
|a лингвистика
|
| 610 |
1 |
|
|a конференция
|
| 610 |
1 |
|
|a массмедиа
|
| 610 |
1 |
|
|a материалы
|
| 610 |
1 |
|
|a сборник
|
| 675 |
|
|
|a 81
|
| 686 |
|
|
|a 76.02
|2 rubbk
|
| 300 |
|
|
|a Книга находится в премиум-версии платформы «Русский как иностранный».
|
| 215 |
|
|
|a 790 с.
|